00402nam a2200157Ia 4500008004100000020001500041041001200056082001100068100001500079245007700094250000800171260002500179300000800204650001500212700001700227221030s9999 xx 000 0 und d a0070600937 aEnglish a105.23 aC. F. Gray 0aProject Management - The Managerial Processcby C. F. Gray, E. W. Larson a3rd bTMHaNew Delhic2008 a561 aManagement aE. W. Larson